What Does a Crane Driver Use Science? / (Record no. 198399)
[ view plain ]
| 000 -LEADER | |
|---|---|
| fixed length control field | 01053nam a2200289 ia4500 |
| 003 - CONTROL NUMBER IDENTIFIER | |
| control field | OSt |
| 005 - DATE AND TIME OF LATEST TRANSACTION | |
| control field | 20250112110714.0 |
| 008 - FIXED-LENGTH DATA ELEMENTS--GENERAL INFORMATION | |
| fixed length control field | 250112t20242024enkao j 000 0 eng d |
| 020 ## - INTERNATIONAL STANDARD BOOK NUMBER | |
| International Standard Book Number | 9781788564281 |
| Terms of availability | RM 47.50 |
| Qualifying information | paperback |
| 040 ## - CATALOGING SOURCE | |
| Original cataloging agency | PPAK |
| Language of cataloging | eng |
| Transcribing agency | PPAK |
| Description conventions | rda |
| 082 04 - DEWEY DECIMAL CLASSIFICATION NUMBER | |
| Edition number | 23 |
| Classification number | 621.873 |
| 090 00 - LOCALLY ASSIGNED LC-TYPE CALL NUMBER (OCLC); LOCAL CALL NUMBER (RLIN) | |
| Classification number (OCLC) (R) ; Classification number, CALL (RLIN) (NR) | 621.873 |
| Feature heading | WOO |
| Feature heading | K |
| 100 1# - MAIN ENTRY--PERSONAL NAME | |
| Personal name | Wood, Alix. |
| Relator term | author, |
| -- | illustrator. |
| 245 10 - TITLE STATEMENT | |
| Title | What Does a Crane Driver Use Science? / |
| Statement of responsibility, etc. | Written and Designed by Alix Wood ; Editor: Mark J. Sachner |
| 264 #1 - PRODUCTION, PUBLICATION, DISTRIBUTION, MANUFACTURE, AND COPYRIGHT NOTICE | |
| Place of production, publication, distribution, manufacture | [Tunbridge Wells, Kent] : |
| Name of producer, publisher, distributor, manufacturer | Ruby Tuesday Books Ltd., |
| Date of production, publication, distribution, manufacture, or copyright notice | [2024] |
| Date of production, publication, distribution, manufacture, or copyright notice | ©2024 |
| 300 ## - PHYSICAL DESCRIPTION | |
| Extent | 24 pages : |
| Other physical details | colour illustrations, colour photographs ; |
| Dimensions | 21 x 21 cm |
| 336 ## - CONTENT TYPE | |
| Content type term | text |
| Source | rdacontent |
| 337 ## - MEDIA TYPE | |
| Media type term | unmediated |
| Source | rdamedia |
| 338 ## - CARRIER TYPE | |
| Carrier type term | volume |
| Source | rdacarrier |
| 490 1# - SERIES STATEMENT | |
| Series statement | Little Scientists, BIG Questions? |
| 650 10 - SUBJECT ADDED ENTRY--TOPICAL TERM | |
| Topical term or geographic name entry element | Cranes, derricks, etc. |
| Form subdivision | Juvenile literature |
| Topical term or geographic name entry element | Science |
| Form subdivision | Juvenile literature |
| 700 1# - ADDED ENTRY--PERSONAL NAME | |
| Personal name | Sachner, Mark J., |
| Relator term | editor. |
| 830 #0 - SERIES ADDED ENTRY--UNIFORM TITLE | |
| Uniform title | Little scientists, big questions? |
| 942 ## - ADDED ENTRY ELEMENTS (KOHA) | |
| Source of classification or shelving scheme | Dewey Decimal Classification |
| Koha item type | Book |
| Withdrawn | Not for loan | Current library | Shelving location | Date acquired | Total Checkouts | Full call number | Barcode | Date last seen | Date last checked out | Koha item type | Total Renewals |
|---|---|---|---|---|---|---|---|---|---|---|---|
| Perpustakaan Alor Setar | Pinjaman Kanak-kanak | 23/01/2025 | 2 | K 621.873 WOO | A01858563 | 21/05/2026 | 30/04/2026 | Book | |||
| Perpustakaan Awam Sungai Petani | Pinjaman Kanak-kanak | 23/01/2025 | 2 | K 621.873 WOO | A01858564 | 20/12/2025 | 16/11/2025 | Book | 1 | ||
| Perpustakaan Baling | Pinjaman Kanak-kanak | 23/01/2025 | 1 | K 621.873 WOO | A01858568 | 28/05/2025 | 17/05/2025 | Book | |||
| Perpustakaan Bandar Baharu | Pinjaman Kanak-kanak | 23/01/2025 | K 621.873 WOO | A01858569 | 23/01/2025 | Book | |||||
| Perpustakaan Jitra | Pinjaman Kanak-kanak | 23/01/2025 | 1 | K 621.873 WOO | A01858565 | 22/09/2025 | 14/09/2025 | Book | |||
| Perpustakaan Kulim | Pinjaman Kanak-kanak | 23/01/2025 | K 621.873 WOO | A01858567 | 23/01/2025 | Book | |||||
| Perpustakaan Langkawi | Pinjaman Kanak-kanak | 23/01/2025 | K 621.873 WOO | A01858566 | 23/01/2025 | Book |